00230nam a22000857a 4500008004100000100002100041245003300062250001300095300003600108140624b xxu||||| |||| 00| 0 eng d aDugopolski, Mark aAlgebra for College students a5th ed.  aIncludes Bibliography and Index